Pilotes ayant gagné en F2 - Statistiques

Statistiques générales
  • Ce quiz a été pris 90 fois
    45 depuis la dernière actualisation
  • Le résultat moyen est 32 sur 56
Statistiques - réponses
Pilotes Victoire(s) Pays Indice % Correct
Charles Leclerc 7 Monaco Pilote Ferrari F1 2025
95%
George Russell 7 Royaume-Uni Pilote F1 Mercedes 2025
95%
Oliver Bearman 7 Royaume-Uni Pilote Haas en f1 en 2025
95%
Guanyu Zhou 5 Chine Pilote F1 Kick Sauber 2024
92%
Jack Doohan 6 Australie Titulaire Alpine en F1 en 2025
92%
Nyck de Vries 8 Pays-Bas Champion du monde Formula E 2020-21
92%
Théo Pourchaire 6 France Champion du Monde de F2 2023
92%
Alexander Albon 4 Thaïlande Pilote F1 Williams 2025
90%
Andrea Kimi Antonelli 2 Italie Pilote Mercedes en F1 en 2025
90%
Gabriel Bortoleto 2 Brésil Champion F2 2024 et pilote F1 2025 pour Sauber
90%
Isack Hadjar 4 France Vice-champion du monde 2024
90%
Oscar Piastri 6 Australie Pilote F1 McLaren 2025
90%
Nikita Mazepin 2 Russie Pilote F1 Haas 2021
87%
Yuki Tsunoda 3 Japon Pilote F1 Visa Cash App Racing Bulls 2024
87%
Felipe Drugovich 8 Brésil Champion F2 2022
85%
Nicholas Latifi 6 Canada Son crash a Abu Dhabi fut historique
85%
Liam Lawson 5 Nouvelle-Zélande Pilote de réserve Red Bull
82%
Lando Norris 1 Royaume-Uni Pilote F1 McLaren 2024
79%
Logan Sargeant 2 Etats-Unis Pilote F1 Williams 2024
79%
Mick Schumacher 3 Allemagne Pilote F1 Haas 2022
79%
Ayumu Iwasa 5 Japon Pilote de réserve 2024 de VCARB
77%
Anthoine Hubert 2 France Le regretté de Spa
74%
Franco Colapinto 1 Argentine A fini la saison 2024 en F1 chez Williams
74%
Pépé Marti 1 Espagne Coéquipier du Vice-champion 2024
72%
Frederik Vesti 7 Danemark Pilote de réserve Mercedes 2024
69%
Paul Aron 1 Estonie Pilote réserve Alpine F1 en 2025
67%
Victoir Martins 2 France Champion F3 2022
67%
Dennis Hauger 5 Norvège Champion F3 2021
56%
Richard Verschoor 4 Pays-Bas A dominé la F4 espagnole en 2016
56%
Zane Maloney 2 Barbade 1er leader de la saison 2024 de F2
54%
Kush Maini 1 Inde Coéquipier du champion
51%
Enzo Fittipaldi 2 Brésil Pilote Van Amersfoort Racing en 2024
46%
Juri Vips 3 Estonie Ancien Pilote de réserve Red Bull
46%
Ralph Boschung 1 Suisse Rajoute UNG a une marque d'essuis-glace
46%
Robert Schwartzman 6 Russie Pilote WEC chez Ferrari
44%
Roman Stanek 1 République Tchèque Pilote Trident en F2 2024
44%
Joshua Dürksen 2 Paraguay Roule chez AIX Racing en 2024
41%
Clément Novalak 1 France Il a la licence Anglaise également
38%
Artem Markelov 8 Russie Vice-Champion F2 2017
33%
Christian Lundgaard 2 Danemark Pilote Indycar
33%
Dan Ticktum 3 Royaume-Uni Pilote Formula E très agressif
33%
Jack Aitken 4 Royaume-Uni Pilote en IMSA
33%
Jak Crawford 2 Etats-Unis Fait parti du giron Red Bull
33%
Jehan Daruvala 4 Inde Pilote Maserati en Formula E
31%
Norman Nato 1 France Pilote Formula E et WEC
31%
Luca Ghiotto 6 Italie Dauphin d'Esteban Ocon en GP3 2015
28%
Taylor Barnard 1 Royaume-Uni Pilote AIX en 2024
28%
Marcus Armstrong 4 Australie Pilote Indycar
26%
Antonio Fuoco 3 Italie Fait parti du giron de la Scuderia Ferrari
23%
Callum Ilott 3 Royaume-Uni Vice Champion F2 2020
23%
Oliver Rowland 2 Royaume-Uni Pilote actuellement en Formula E
23%
Zak O'Sullivan 2 Royaume-Uni Pilote Junior Williams
23%
Sergio Sette Camara 3 Brésil Roule en Formula E
18%
Nobuharu Matsushita 5 Japon Fut pilote de développement McLaren
15%
Maximilian Gunther 1 Allemagne Pilote Formula E
8%
Tadasuke Makino 1 Japon Pilote en SuperFormula en 2024
5%
Aucun quiz correspondant
Distribution des résultats
% des personnes avec chaque résultat
Percentile par nombre de réponses
Votre historique - résultats
Vous n’avez pas pris ce quiz depuis la dernière actualisation